|
|
|
|
| LEADER |
00793nab a2200217 i 4500 |
| 001 |
misc62589 |
| 005 |
20241008075045.0 |
| 008 |
220326s1955 hu o 000 tur d |
| 040 |
|
|
|a SZTE Miscellanea Repozitórium
|b hun
|
| 041 |
|
|
|a tur
|
| 100 |
1 |
|
|a Gökbilgin Tayyib M.
|
| 245 |
1 |
0 |
|a XVI. asır bașlarında Kayseri șehri ve livâsı
|h [elektronikus dokumentum] /
|c Gökbilgin Tayyib M.
|
| 260 |
|
|
|a Maarif basımevi
|b İstambul
|c 1955
|
| 300 |
|
|
|a 16 p.
|c 24 cm
|
| 490 |
0 |
|
|a Zeki Velidi Togan'a armağan
|
| 561 |
|
|
|a Németh Gyula hagyaték
|
| 591 |
|
|
|a NOA 2003
|
| 650 |
|
4 |
|a Bölcsészettudományok
|
| 650 |
|
4 |
|a Történettudomány és régészet
|
| 695 |
|
|
|a Oszmán Birodalom története - 16. sz.
|
| 856 |
4 |
0 |
|u http://misc.bibl.u-szeged.hu/62589/1/2003_noa_g56.pdf
|z Dokumentum-elérés
|